AC Milan Squad 1993-1994 - Statistics

General Stats
  • This quiz has been taken 25 times
  • The average score is 15 of 29
Answer Stats
Position Nation Player % Correct
DF Italy Franco Baresi
95%
DF Italy Alessandro Costacurta
91%
FW Denmark Brian Laudrup
91%
DF Italy Paolo Maldini
91%
MF Italy Demetrio Albertini
86%
FW France Jean-Pierre Papin
86%
FW Italy Daniele Massaro
82%
DF France Marcel Desailly
82%
MF Italy Roberto Donadoni
82%
GK Italy Sebastiano Rossi
82%
MF Montenegro Dejan Savićević
77%
Coach Italy Fabio Capello
77%
MF Croatia Zvonimir Boban
77%
DF Italy Christian Panucci
64%
DF Italy Mauro Tassotti
59%
FW Italy Marco Simone
55%
DF Italy Filippo Galli
45%
FW Italy Gianluigi Lentini
45%
MF Italy Stefano Eranio
45%
FW Romania Florin Răducioiu
36%
DF Italy Alessandro Orlando
14%
GK Italy Francesco Antonioli
14%
MF Italy Angelo Carbone
9%
MF Italy Fernando De Napoli
9%
DF Italy Stefano Nava
9%
FW Italy Daniele Guerzoni
5%
MF Italy Francesco Cozza
5%
GK Italy Mario Ielpo
5%
DF Italy Roberto Lorenzini
5%
No matching quizzes found
Score Distribution
Percent of People with Each Score
Percentile by Number Answered
Your Score History
You have not taken this quiz